Logo BPK

Biblioteka

Politechniki Koszalińskiej

Teoria satelitarnego orientowania i skalowania podstawowych poziomych sieci geodezyjnych / (Rekord nr 19318)

Szczegóły MARC
000 -ETYKIETA REKORDU
podpole kontrolne o stałej długości 00543nam a2200169 i 4500
001 - NUMER KONTROLNY REKORDU
pole kontrolne bg
040 ## - ŹRÓDŁO KATALOGOWANIA
Instytucja, która utworzyła rekord BPK
041 ## - KOD JĘZYKA
Kod języka tekstu pol
080 ## - UNIWERSALNA KLASYFIKACJA DZIESIĘTNA - UKD
UKD 528:629.783
008 - POLE O STAŁEJ DŁUGOŚCI - DANE KONTROLNE
podpole kontrolne o stałej długości s pl f |000 0 pol
100 1# - NAZWA OSOBOWA
Nazwa osobowa Czarnecki, Kazimierz
Daty związane z nazwą (1939-2006).
245 #0 - TYTUŁ/ODPOWIEDZIALNOŚĆ
Tytuł Teoria satelitarnego orientowania i skalowania podstawowych poziomych sieci geodezyjnych /
Pozostałe elementy strefy tytułu i oznaczenia odpowiedzialności Kazimierz Czarnecki.
260 ## - STREFA ADRESU WYDAWNICZEGO
Miejsce wydania Warszawa,
Data publikacji, dystrybucji/powstania dokumentu 1980.
490 1# - STREFA SERII I DOKUMENTU WIELOCZĘŚCIOWEGO - FORMA NIE DO WYSZUKIWANIA
Tytuł i oznaczenie odpowiedzialności serii Prace Naukowe - Politechnika Warszawska.
Numeracja w obrębie serii z.22
830 ## - HASŁO DODATKOWE SERII LUB DOKUMENTU WIELOCZĘŚCIOWEGO - TYTUŁ UJEDNOLICONY
Tytuł ujednolicony Prace Naukowe - Politechnika Warszawska.
856 ## - LOKALIZACJA I DOSTĘP DO ELEKTRONICZNYCH DOKUMENTÓW ZDALNYCH
Link (URL) http://koha.tu.koszalin.pl/cgi-bin/koha/opac-detail.pl?biblionumber=19318
Tekst linku Katalog online BPK
942 ## - DODATKOWE ELEMENTY (KOHA)
Typ dokumentu Książka
Egzemplarze
Wycofany Status egzemplarza Uszkodzony Dostępność Lokalizacja stała Lokalizacja bieżąca Miejsce przechowywania Sygnatura Kod kreskowy Ostatnio wypożyczono Typ dokumentu
      Dostępny Biblioteka Politechniki Koszalińskiej Biblioteka Politechniki Koszalińskiej Wypożyczalnia BG 27145 01654110 13.10.2014 Książka
© 2023 Biblioteka Politechniki Koszalińskiej :: KOHA